000 00682nam a2200241Ia 4500
003 OSt
005 20220918174017.0
006 a|||||r|||| 00| 0
007 ta
008 220917b |||||||| |||| 00| 0 eng d
024 _a9,782
037 _cTextual
040 _aARTS
_cARTS
_beng
041 _2eng
_aeng
082 _aQ2:4198.297B, N1 (P15)
100 _aDinesh Kumar
_948776
245 0 _aSacred complex of Badrinath
_b study of Himalayan Pilgrimage
260 _aVaranasi
_bKishor Vidya Niketan
_c1991
300 _a139p.
_ccm.
650 _aRELIGION
942 _hQ2:4198.297B, N1 (P15)
_cTEXL
_2CC
999 _c151391
_d151391